000 00666nam a2200253Ia 4500
003 OSt
005 20221007071257.0
006 a|||||r|||| 00| 0
007 ta
008 221006b |||||||| |||| 00| 0 eng d
024 _a24,543
037 _cTextual
040 _aFLL
_cFLL
_beng
041 _2eng
_aeng
082 _aZ3:3, H41
100 _aSutton Ralph
245 0 _aSutton and shannon on contracts
250 _a3rd
260 _aLondon
_bButterworth & Co. Pvt. Ltd. UK
_c1944
300 _alxxi,427,23p
_ccm.
700 _a Shannon N. P.
942 _hZ3:3, H41
_cTEXL
_2CC
999 _c1142929
_d1142929